[Event "36. Abierto Ciudad de Sevilla"]
[Site "Sevilla ESP"]
[Date "2011.01.07"]
[Round "1.1"]
[White "Corrales Jimenez, Fidel"]
[Black "Herrera Ramirez , Daniel"]
[Result "1-0"]
[WhiteElo "2591"]
[BlackElo "1912"]
[PlyCount "73"]
[EventDate "2011.01.07"]
[EventType "swiss"]
[EventRounds "9"]
[EventCountry "ESP"]
[Source "lmi"]
[SourceDate "2011.01.07"]

1. d4 Nf6 2. c4 c5 3. d5 b5 4. cxb5 a6 5. bxa6 Bxa6 6. Nc3 g6 7. e4 Bxf1 8.
Kxf1 d6 9. Nf3 Bg7 10. g3 O-O 11. Kg2 Ng4 12. Bf4 Nd7 13. Qc2 Qb6 14. Nd2 Rfb8
15. Rhb1 Qb4 16. Bg5 f6 17. Bf4 Nde5 18. h3 Nh6 19. Bxe5 fxe5 20. a3 Qa5 21.
Ra2 Qc7 22. Nc4 Nf7 23. b3 Qd7 24. Qe2 h5 25. h4 Nh6 26. b4 cxb4 27. Rxb4 Rxb4
28. axb4 Rf8 29. b5 Ng4 30. f3 Nf6 31. b6 Rb8 32. Ra7 Qd8 33. Qb2 Nd7 34. Na4
Nc5 35. Nxc5 dxc5 36. Qb5 e6 37. d6 1-0

[Event "36. Abierto Ciudad de Sevilla"]
[Site "Sevilla ESP"]
[Date "2011.01.07"]
[Round "1.2"]
[White "Muñoz Jorva, Miguel Angel"]
[Black "Korneev, Oleg"]
[Result "0-1"]
[WhiteElo "1908"]
[BlackElo "2576"]
[PlyCount "110"]
[EventDate "2011.01.07"]
[EventType "swiss"]
[EventRounds "9"]
[EventCountry "ESP"]
[Source "lmi"]
[SourceDate "2011.01.07"]

1. d4 d5 2. c4 c6 3. Nc3 Nf6 4. Nf3 e6 5. cxd5 exd5 6. Bg5 Be7 7. e3 Bf5 8. Bd3
Bxd3 9. Qxd3 Nbd7 10. O-O O-O 11. Rab1 a5 12. Rfc1 Re8 13. Na4 Ne4 14. Bxe7
Qxe7 15. Nd2 f5 16. Nxe4 fxe4 17. Qe2 Rf8 18. Nc5 Nxc5 19. dxc5 Rf5 20. b4 axb4
21. Rxb4 b5 22. a4 bxa4 23. Qa2 a3 24. Rb3 Ra5 25. Rxa3 Rxc5 26. Rac3 Rxc3 27.
Rxc3 Qe8 28. Ra3 Rf8 29. Ra6 h6 30. h3 Kh7 31. Qc2 Rf6 32. f3 Qc8 33. Ra4 Rg6
34. fxe4 Qxh3 35. exd5 Qxe3+ 36. Kf1 cxd5 37. Rg4 Qe6 38. Rg3 Qe4 39. Qxe4 dxe4
40. Re3 Re6 41. Kf2 h5 42. Rh3 e3+ 43. Ke2 Kg6 44. Rg3+ Kh6 45. Rh3 Re4 46.
Rxe3 Rxe3+ 47. Kxe3 Kg5 48. Kf3 h4 49. Kf2 Kg4 50. Kg1 Kg3 51. Kh1 g5 52. Kg1
g4 53. Kh1 Kf2 54. Kh2 g3+ 55. Kh1 h3 0-1

[Event "36. Abierto Ciudad de Sevilla"]
[Site "Sevilla ESP"]
[Date "2011.01.07"]
[Round "1.4"]
[White "Curado Manuel , Joao Ferro"]
[Black "Mirzoev, Azer"]
[Result "0-1"]
[WhiteElo "1903"]
[BlackElo "2563"]
[PlyCount "52"]
[EventDate "2011.01.07"]
[EventType "swiss"]
[EventRounds "9"]
[EventCountry "ESP"]
[Source "lmi"]
[SourceDate "2011.01.07"]

1. d4 Nf6 2. Nf3 e6 3. g3 b5 4. Bg2 Bb7 5. O-O c5 6. c3 Na6 7. Bg5 Be7 8. Nbd2
O-O 9. a4 b4 10. Re1 h6 11. Bxf6 Bxf6 12. e4 bxc3 13. bxc3 cxd4 14. cxd4 Nb4
15. Rb1 a5 16. Qb3 Rb8 17. Nc4 Ba8 18. Nd6 Qb6 19. Nb5 Rfc8 20. Rbd1 d6 21. e5
Be7 22. exd6 Bd5 23. Qb1 Bxd6 24. Nxd6 Qxd6 25. Rc1 Rxc1 26. Rxc1 Na2 0-1

[Event "36. Abierto Ciudad de Sevilla"]
[Site "Sevilla ESP"]
[Date "2011.01.07"]
[Round "1.6"]
[White "Romero Lopez, Cristina"]
[Black "Matamoros Franco, Carlos S"]
[Result "0-1"]
[WhiteElo "1901"]
[BlackElo "2545"]
[PlyCount "68"]
[EventDate "2011.01.07"]
[EventType "swiss"]
[EventRounds "9"]
[EventCountry "ESP"]
[Source "lmi"]
[SourceDate "2011.01.07"]

1. e4 e6 2. Nf3 c5 3. c3 d5 4. exd5 exd5 5. d4 Nf6 6. Be2 cxd4 7. cxd4 Bb4+ 8.
Bd2 Bxd2+ 9. Nbxd2 O-O 10. O-O Nc6 11. Bb5 Ne7 12. Re1 Bg4 13. h3 Bxf3 14. Nxf3
Ng6 15. Rc1 Rc8 16. Rxc8 Qxc8 17. Ne5 Qd8 18. Nxg6 hxg6 19. Ba4 Qd6 20. Re5 Qb4
21. Bb3 a5 22. a3 Qb6 23. a4 Qb4 24. g4 b5 25. axb5 a4 26. Bxa4 Qxb2 27. Re7
Qb4 28. Re5 Ra8 29. Bb3 Ra3 30. Bxd5 Nxd5 31. Rxd5 Qc3 32. Rd8+ Kh7 33. Qe2
Qxh3 34. Qf1 Qxg4+ 0-1

[Event "36. Abierto Ciudad de Sevilla"]
[Site "Sevilla ESP"]
[Date "2011.01.07"]
[Round "1.7"]
[White "Dizdar, Goran"]
[Black "Jimenez Gonzalez , Manuel Jose"]
[Result "1-0"]
[WhiteElo "2544"]
[BlackElo "1901"]
[PlyCount "57"]
[EventDate "2011.01.07"]
[EventType "swiss"]
[EventRounds "9"]
[EventCountry "ESP"]
[Source "lmi"]
[SourceDate "2011.01.07"]

1. d4 Nf6 2. Nf3 e6 3. c4 b6 4. e3 Bb7 5. Bd3 Bb4+ 6. Nc3 d5 7. Qa4+ Nc6 8.
cxd5 Bxc3+ 9. bxc3 Qxd5 10. c4 Qa5+ 11. Qxa5 Nxa5 12. Nd2 O-O 13. f3 Rfd8 14.
Ke2 Rac8 15. Ba3 Nc6 16. Rac1 a6 17. Rhd1 Ne8 18. Nb3 f5 19. Bb1 g6 20. Bb2 a5
21. Kf2 Kf7 22. d5 exd5 23. cxd5 Ne7 24. e4 Nf6 25. Nd4 fxe4 26. fxe4 Rd7 27.
Kg1 c5 28. Nf3 Rdd8 29. Ng5+ 1-0

[Event "36. Abierto Ciudad de Sevilla"]
[Site "Sevilla ESP"]
[Date "2011.01.07"]
[Round "1.8"]
[White "Gomez Feria , Jose Maria"]
[Black "Rizouk, Aimen"]
[Result "0-1"]
[WhiteElo "1897"]
[BlackElo "2539"]
[PlyCount "70"]
[EventDate "2011.01.07"]
[EventType "swiss"]
[EventRounds "9"]
[EventCountry "ESP"]
[Source "lmi"]
[SourceDate "2011.01.07"]

1. Nf3 Nf6 2. c4 e6 3. Nc3 Bb4 4. e3 O-O 5. Be2 b6 6. O-O Bb7 7. a3 Bxc3 8.
bxc3 d6 9. Qc2 Nbd7 10. a4 a5 11. d4 Ne4 12. Nd2 f5 13. f3 Ng5 14. Rf2 e5 15.
Ba3 f4 16. e4 Kh8 17. Rb1 Bc6 18. Rb2 Qf6 19. d5 Bb7 20. Nb3 Bc8 21. Qd3 Qg6
22. Kf1 Nf6 23. Ke1 Bd7 24. c5 bxc5 25. Ra2 Qh5 26. h3 Rfb8 27. Qc4 c6 28. Bc1
Qh4 29. Bf1 cxd5 30. exd5 e4 31. Kd1 Nxd5 32. Nxa5 Be6 33. Nc6 Ne3+ 34. Bxe3
Bxc4 35. Bxc4 fxe3 0-1

[Event "36. Abierto Ciudad de Sevilla"]
[Site "Sevilla ESP"]
[Date "2011.01.07"]
[Round "1.10"]
[White "Juidiaz Hernandez, Antonio Luis"]
[Black "Haslinger, Stewart G"]
[Result "0-1"]
[WhiteElo "1891"]
[BlackElo "2536"]
[PlyCount "92"]
[EventDate "2011.01.07"]
[EventType "swiss"]
[EventRounds "9"]
[EventCountry "ESP"]
[Source "lmi"]
[SourceDate "2011.01.07"]

1. Nf3 d5 2. d4 Nf6 3. c4 e6 4. cxd5 exd5 5. Nc3 c6 6. Bg5 Be7 7. e3 Bf5 8. Bd3
Bxd3 9. Qxd3 Nbd7 10. O-O O-O 11. Nd2 Re8 12. f3 a5 13. a4 Qb6 14. Kh1 Rad8 15.
Qc2 Nh5 16. Bxe7 Rxe7 17. Rfe1 Rde8 18. Nf1 Nf4 19. Qd2 Ne6 20. Rad1 Rd8 21. e4
dxe4 22. fxe4 Ne5 23. d5 Nc5 24. Qd4 Qb4 25. Ng3 Qxd4 26. Rxd4 Ncd3 27. Re3
Nxb2 28. Nf5 Red7 29. Rg3 g6 30. Nh6+ Kg7 31. Ng4 Nbc4 32. Nxe5 Nxe5 33. Rd1
Rc8 34. h4 cxd5 35. Nxd5 Rc4 36. Rf1 Rxe4 37. Nf6 Rxh4+ 38. Kg1 Re7 39. Re3 Rd4
40. g4 h6 41. g5 hxg5 42. Rh3 Rh4 43. Rxh4 gxh4 44. Nd5 Rd7 45. Nf4 Rd4 46. Ne2
Rxa4 0-1

[Event "36. Abierto Ciudad de Sevilla"]
[Site "Sevilla ESP"]
[Date "2011.01.07"]
[Round "1.11"]
[White "Sengupta, Deep"]
[Black "Suarez Fernandez, Enrique Olive"]
[Result "1-0"]
[WhiteElo "2530"]
[BlackElo "1887"]
[PlyCount "55"]
[EventDate "2011.01.07"]
[EventType "swiss"]
[EventRounds "9"]
[EventCountry "ESP"]
[Source "lmi"]
[SourceDate "2011.01.07"]

1. e4 e6 2. d4 b6 3. Bd3 Bb7 4. Qe2 Nf6 5. Nf3 c5 6. c3 Be7 7. Bg5 Nc6 8. a3
Na5 9. Nbd2 c4 10. Bc2 Rc8 11. O-O O-O 12. Rae1 d6 13. Bb1 h6 14. Bxf6 Bxf6 15.
e5 Bg5 16. Ne4 Bxe4 17. Qxe4 g6 18. h4 Be7 19. h5 f5 20. exf6 Rxf6 21. hxg6 Kg7
22. d5 Nb3 23. Re3 Qe8 24. dxe6 Rc5 25. Rd1 Rff5 26. Qb7 Na5 27. Qxa7 Nc6 28.
Qd7 1-0

[Event "36. Abierto Ciudad de Sevilla"]
[Site "Sevilla ESP"]
[Date "2011.01.07"]
[Round "1.17"]
[White "Khamrakulov, Ibragim S"]
[Black "Alba Hiescar , Pedro"]
[Result "1-0"]
[WhiteElo "2494"]
[BlackElo "1872"]
[PlyCount "39"]
[EventDate "2011.01.07"]
[EventType "swiss"]
[EventRounds "9"]
[EventCountry "ESP"]
[Source "lmi"]
[SourceDate "2011.01.07"]

1. e4 c6 2. d4 d5 3. exd5 cxd5 4. c4 Nf6 5. Nc3 Nc6 6. Bg5 e6 7. Nf3 Be7 8. c5
O-O 9. Bb5 Qc7 10. O-O a6 11. Bxc6 bxc6 12. Ne5 Bxc5 13. Bxf6 gxf6 14. Qg4+ Kh8
15. Qf4 fxe5 16. Qf6+ Kg8 17. dxc5 Re8 18. Rae1 e4 19. Re3 Qd8 20. Qh6 1-0

[Event "36. Abierto Ciudad de Sevilla"]
[Site "Sevilla ESP"]
[Date "2011.01.07"]
[Round "1.19"]
[White "Campora, Daniel H"]
[Black "Fernandez Calzada , Juan A"]
[Result "1-0"]
[WhiteElo "2488"]
[BlackElo "1868"]
[PlyCount "81"]
[EventDate "2011.01.07"]
[EventType "swiss"]
[EventRounds "9"]
[EventCountry "ESP"]
[Source "lmi"]
[SourceDate "2011.01.07"]

1. e4 c5 2. Nf3 d6 3. d4 cxd4 4. Nxd4 Nf6 5. Nc3 a6 6. Be3 e6 7. a4 Qc7 8. Be2
Nbd7 9. O-O Be7 10. f4 b6 11. Bf3 Bb7 12. Qe1 Nc5 13. Bf2 O-O 14. Rd1 Rad8 15.
Bh4 Rfe8 16. e5 dxe5 17. fxe5 Nd5 18. Bxd5 Bxd5 19. Bxe7 Qxe7 20. b4 Nb7 21.
Nxd5 Rxd5 22. c4 Rdd8 23. Nc6 Qc7 24. Nxd8 Nxd8 25. Qd2 Nc6 26. Qd6 Qc8 27. b5
axb5 28. cxb5 Ne7 29. Qxb6 Nd5 30. Qa7 Re7 31. Rc1 Qd8 32. Qa6 Re8 33. Qb7 Rf8
34. Rf3 Ne7 35. a5 h6 36. a6 Qd4+ 37. Kh1 Nf5 38. a7 Qd2 39. Rcf1 Qa2 40. b6
Nh4 41. Rxf7 1-0

[Event "36. Abierto Ciudad de Sevilla"]
[Site "Sevilla ESP"]
[Date "2011.01.07"]
[Round "1.20"]
[White "Suarez Pozo, Juan Carlos"]
[Black "Komljenovic, Davorin"]
[Result "0-1"]
[WhiteElo "1861"]
[BlackElo "2457"]
[PlyCount "58"]
[EventDate "2011.01.07"]
[EventType "swiss"]
[EventRounds "9"]
[EventCountry "ESP"]
[Source "lmi"]
[SourceDate "2011.01.07"]

1. e4 c5 2. a3 e6 3. b4 cxb4 4. d4 Nf6 5. e5 Nd5 6. Bc4 d6 7. Bxd5 exd5 8. f4
Nc6 9. Nf3 Qa5 10. O-O Be7 11. Bb2 dxe5 12. fxe5 O-O 13. axb4 Qxb4 14. Ba3 Qb6
15. Qd3 Bg4 16. Nc3 Bxa3 17. Rxa3 Bxf3 18. gxf3 Nxd4 19. Kh1 Qc5 20. Nxd5 Qxd5
21. c3 Rfd8 22. cxd4 Qxd4 23. Qf5 Re8 24. Re1 Re6 25. Rae3 Rae8 26. Re4 Qd5 27.
Rf4 f6 28. Rg1 Qxe5 29. Qg4 Qg5 0-1

[Event "36. Abierto Ciudad de Sevilla"]
[Site "Sevilla ESP"]
[Date "2011.01.07"]
[Round "1.21"]
[White "Das, Arghyadip"]
[Black "Gomez Vargas , Pedro Jose"]
[Result "1-0"]
[WhiteElo "2479"]
[BlackElo "1864"]
[PlyCount "67"]
[EventDate "2011.01.07"]
[EventType "swiss"]
[EventRounds "9"]
[EventCountry "ESP"]
[Source "lmi"]
[SourceDate "2011.01.07"]

1. e4 c5 2. Nf3 d6 3. d4 cxd4 4. Nxd4 Nf6 5. Nc3 a6 6. h3 e5 7. Nde2 Be7 8. g4
Be6 9. Bg2 O-O 10. Be3 Nc6 11. O-O Rc8 12. Nd5 Bxd5 13. exd5 Na5 14. b3 b5 15.
Qd2 Qc7 16. Rfc1 Rfe8 17. a4 bxa4 18. Rxa4 Bd8 19. Ng3 e4 20. g5 Nxd5 21. Qxd5
Re5 22. Qd2 d5 23. Bf4 Nc6 24. Rxa6 Qe7 25. h4 Nb8 26. Ra8 Re6 27. Bh3 Bc7 28.
Bxc7 Qxc7 29. Bxe6 fxe6 30. c4 Qb7 31. Rca1 Qxb3 32. cxd5 exd5 33. Qd4 Rc4 34.
Qxd5+ 1-0

[Event "36. Abierto Ciudad de Sevilla"]
[Site "Sevilla ESP"]
[Date "2011.01.08"]
[Round "2.1"]
[White "Kierzek, Matthias Dr."]
[Black "Corrales Jimenez, Fidel"]
[Result "0-1"]
[WhiteElo "2127"]
[BlackElo "2591"]
[PlyCount "76"]
[EventDate "2011.01.07"]
[EventType "swiss"]
[EventRounds "9"]
[EventCountry "ESP"]
[Source "lmi"]
[SourceDate "2011.01.07"]

1. d4 Nf6 2. c4 c5 3. d5 b5 4. Bg5 Ne4 5. Bf4 Qa5+ 6. Nd2 bxc4 7. Qc2 Nxd2 8.
Bxd2 Qb6 9. e4 e5 10. Bxc4 Be7 11. Nf3 d6 12. O-O O-O 13. Rab1 a5 14. Be3 Ba6
15. Nd2 Nd7 16. g3 Rfb8 17. Kg2 Qb7 18. Rfc1 Nb6 19. Bxa6 Rxa6 20. b3 h6 21.
Qd3 Rba8 22. h4 f5 23. f3 Rf8 24. Nc4 f4 25. gxf4 exf4 26. Bf2 Nd7 27. h5 Qb8
28. e5 dxe5 29. d6 Bf6 30. Qd5+ Kh8 31. Bxc5 e4 32. fxe4 f3+ 33. Kf1 Qe8 34.
Ne3 Bg5 35. Ng4 Qxh5 36. Nf2 Qh2 37. Rc2 Qg2+ 38. Ke1 Qg1# 0-1

[Event "36. Abierto Ciudad de Sevilla"]
[Site "Sevilla ESP"]
[Date "2011.01.08"]
[Round "2.2"]
[White "Korneev, Oleg"]
[Black "Espejo Montagut, Anatoly"]
[Result "1-0"]
[WhiteElo "2576"]
[BlackElo "2128"]
[PlyCount "59"]
[EventDate "2011.01.07"]
[EventType "swiss"]
[EventRounds "9"]
[EventCountry "ESP"]
[Source "lmi"]
[SourceDate "2011.01.07"]

1. e4 e5 2. Nf3 Nf6 3. d4 Nxe4 4. Bd3 d5 5. dxe5 Be7 6. O-O Bg4 7. Nc3 Nxc3 8.
bxc3 Nd7 9. Re1 Nc5 10. h3 Bh5 11. Bf5 g6 12. Bd3 g5 13. Bf5 Ne6 14. Rb1 Rb8
15. Qd3 c5 16. Rd1 Qc7 17. g4 Bg6 18. Qb5+ Qd7 19. Qb3 c4 20. Qb5 Qxb5 21. Rxb5
Nc7 22. Rb1 f6 23. Nd4 fxe5 24. Nc6 Kf7 25. Nxe5+ Kg7 26. Be3 Bf6 27. Nd7 Bxc3
28. Nxb8 Rxb8 29. Bxa7 Bxf5 30. Bxb8 1-0

[Event "36. Abierto Ciudad de Sevilla"]
[Site "Sevilla ESP"]
[Date "2011.01.08"]
[Round "2.3"]
[White "Blanco Perez, David"]
[Black "Spraggett, Kevin"]
[Result "0-1"]
[WhiteElo "2119"]
[BlackElo "2575"]
[PlyCount "72"]
[EventDate "2011.01.07"]
[EventType "swiss"]
[EventRounds "9"]
[EventCountry "ESP"]
[Source "lmi"]
[SourceDate "2011.01.07"]

1. Nf3 Nf6 2. d4 g6 3. Bg5 Bg7 4. c4 d6 5. Nc3 c6 6. h3 O-O 7. e4 a6 8. a4 a5
9. Bd3 Na6 10. e5 dxe5 11. dxe5 Nc5 12. Bc2 Nfd7 13. O-O Ne6 14. Bh4 Nxe5 15.
Nxe5 Bxe5 16. Qe2 f6 17. Rfd1 Qb6 18. Ne4 c5 19. Nc3 Nd4 20. Rxd4 cxd4 21. Nd5
Qc5 22. Kh1 e6 23. f4 exd5 24. fxe5 dxc4 25. exf6 Bd7 26. Qf2 Bc6 27. Rf1 Rf7
28. Qg3 d3 29. Bd1 Re8 30. Bg4 Qd5 31. Bf3 Qd4 32. Bh5 Be4 33. Rf4 d2 34. Kh2
Qd3 35. Qg4 Kh8 36. Qg5 gxh5 0-1

[Event "36. Abierto Ciudad de Sevilla"]
[Site "Sevilla ESP"]
[Date "2011.01.08"]
[Round "2.5"]
[White "Morales Barrera , Raul"]
[Black "Lemos, Damian"]
[Result "0-1"]
[WhiteElo "2108"]
[BlackElo "2553"]
[PlyCount "68"]
[EventDate "2011.01.07"]
[EventType "swiss"]
[EventRounds "9"]
[EventCountry "ESP"]
[Source "lmi"]
[SourceDate "2011.01.07"]

1. d4 Nf6 2. c4 e6 3. Nf3 b6 4. g3 Ba6 5. Qa4 Be7 6. Bg2 O-O 7. Nc3 c6 8. Ne5
Qe8 9. b4 Bxc4 10. Nxc4 b5 11. Nxb5 cxb5 12. Qxb5 Nc6 13. Bxc6 dxc6 14. Qa4 Qd8
15. Qb3 Rb8 16. O-O Qxd4 17. Be3 Qg4 18. Ne5 Qe4 19. Nd3 a5 20. a3 axb4 21.
axb4 Nd5 22. Ba7 Ra8 23. f3 Qg6 24. Ne5 Qg5 25. Nxc6 Bf6 26. Ra5 Qd2 27. Ra2
Qc3 28. Qa4 Nxb4 29. Qxb4 Qxc6 30. Kg2 Qd7 31. Bc5 Rxa2 32. Bxf8 Rb2 33. Qa3
Rxe2+ 34. Kh1 Qd2 0-1

[Event "36. Abierto Ciudad de Sevilla"]
[Site "Sevilla ESP"]
[Date "2011.01.08"]
[Round "2.9"]
[White "Justiniano Marquez, Marco Antonio"]
[Black "Abbasov, Farid"]
[Result "0-1"]
[WhiteElo "2082"]
[BlackElo "2537"]
[PlyCount "80"]
[EventDate "2011.01.07"]
[EventType "swiss"]
[EventRounds "9"]
[EventCountry "ESP"]
[Source "lmi"]
[SourceDate "2011.01.07"]

1. d4 Nf6 2. Nf3 g6 3. g3 Bg7 4. Bg2 O-O 5. O-O d6 6. c3 c6 7. Nbd2 Qa5 8. Re1
Qh5 9. e4 Bg4 10. Qb3 b6 11. e5 Nfd7 12. exd6 exd6 13. Qa3 d5 14. Qe7 a5 15.
Qg5 Qxg5 16. Nxg5 a4 17. a3 h6 18. Bh3 Bxh3 19. Nxh3 c5 20. Nf4 cxd4 21. Nxd5
dxc3 22. bxc3 Ra5 23. Ne3 Bxc3 24. Rb1 b5 25. Nd5 Bg7 26. Ne4 Nc6 27. Bd2 Raa8
28. Red1 Nde5 29. Rxb5 Nd4 30. Ndf6+ Kh8 31. Rxe5 Nf3+ 32. Kg2 Nxe5 33. Bc3 Nc4
34. Rd7 Ra6 35. Rc7 Nxa3 36. Bb4 Nb5 37. Rb7 Rc8 38. Rxb5 Bxf6 39. Nxf6 Rxf6
40. Ba3 Ra6 0-1

[Event "36. Abierto Ciudad de Sevilla"]
[Site "Sevilla ESP"]
[Date "2011.01.08"]
[Round "2.11"]
[White "Fernandez Rodriguez, Jose A"]
[Black "Sengupta, Deep"]
[Result "0-1"]
[WhiteElo "2077"]
[BlackElo "2530"]
[PlyCount "96"]
[EventDate "2011.01.07"]
[EventType "swiss"]
[EventRounds "9"]
[EventCountry "ESP"]
[Source "lmi"]
[SourceDate "2011.01.07"]

1. e4 e6 2. d4 d5 3. Nd2 Nf6 4. e5 Nfd7 5. Bd3 c5 6. c3 Nc6 7. Ne2 a5 8. O-O a4
9. f4 a3 10. b3 cxd4 11. cxd4 Qb6 12. Nf3 g6 13. Bd2 Nb4 14. Bxb4 Bxb4 15. Rc1
Nf8 16. Kh1 Bd7 17. Ng3 Bc6 18. Rf2 O-O-O 19. Rfc2 Kb8 20. Ne2 Nd7 21. Nc3 Rc8
22. Qe2 h6 23. Na4 Qa5 24. Nc3 Rhg8 25. Nd1 g5 26. f5 Qb6 27. Qe3 g4 28. Ng1 h5
29. Ne2 Bf8 30. Ndc3 h4 31. fxe6 fxe6 32. Rf1 Be7 33. Rf7 Bg5 34. Nf4 Rcf8 35.
Rxf8+ Rxf8 36. Nce2 g3 37. Rc1 Qb4 38. Rf1 gxh2 39. Kxh2 Nb6 40. Rf3 Ka7 41.
Qf2 Qd2 42. Nxe6 Rxf3 43. Qxf3 Qxa2 44. Nc5 Qd2 45. Qf2 a2 46. Ba6 a1=Q 47.
Bxb7 Bd7 48. e6 Qae1 0-1

[Event "36. Abierto Ciudad de Sevilla"]
[Site "Sevilla ESP"]
[Date "2011.01.08"]
[Round "2.12"]
[White "Teske, Henrik"]
[Black "Guidi, Maurizio"]
[Result "1-0"]
[WhiteElo "2520"]
[BlackElo "2068"]
[PlyCount "79"]
[EventDate "2011.01.07"]
[EventType "swiss"]
[EventRounds "9"]
[EventCountry "ESP"]
[Source "lmi"]
[SourceDate "2011.01.07"]

1. d4 b6 2. e4 Bb7 3. Bd3 e6 4. c4 g6 5. Nc3 Bg7 6. Nge2 Ne7 7. Be3 h6 8. Qd2
d6 9. O-O Nd7 10. f4 f5 11. exf5 exf5 12. d5 Nf6 13. Nd4 Bc8 14. h3 Bd7 15.
Rfe1 O-O 16. Bf2 c6 17. Ne6 Bxe6 18. Rxe6 Qd7 19. Rae1 Rae8 20. Bc2 Nc8 21.
dxc6 Qxe6 22. Rxe6 Rxe6 23. c5 Kh7 24. cxb6 Nxb6 25. Nb5 d5 26. Nxa7 Nc4 27.
Qb4 Rf7 28. Qb8 Ree7 29. Nb5 Ne8 30. b3 Nd2 31. a4 Ne4 32. a5 Nxf2 33. Kxf2 Nc7
34. Bd3 h5 35. Qb6 Ne6 36. Bf1 Bh6 37. a6 Bxf4 38. a7 d4 39. a8=Q Be3+ 40. Ke1
1-0

[Event "36. Abierto Ciudad de Sevilla"]
[Site "Sevilla ESP"]
[Date "2011.01.08"]
[Round "2.14"]
[White "Gonzalez Garcia, Jose"]
[Black "Ortega Valle, Jose Ramon"]
[Result "1-0"]
[WhiteElo "2503"]
[BlackElo "2060"]
[PlyCount "59"]
[EventDate "2011.01.07"]
[EventType "swiss"]
[EventRounds "9"]
[EventCountry "ESP"]
[Source "lmi"]
[SourceDate "2011.01.07"]

1. d4 g6 2. e4 Bg7 3. Nf3 a6 4. c3 d6 5. Bd3 Nf6 6. O-O O-O 7. Re1 Nc6 8. d5
Ne5 9. Nxe5 dxe5 10. c4 Nh5 11. Nc3 e6 12. Be2 Nf4 13. Bf1 exd5 14. cxd5 c6 15.
g3 Nh3+ 16. Kg2 cxd5 17. exd5 h5 18. Be3 Ng5 19. h4 Nh7 20. Qd2 b5 21. Rad1 Bb7
22. Kg1 Rc8 23. Ne4 Nf6 24. Nxf6+ Bxf6 25. Bh3 Ra8 26. d6 Bf3 27. Rc1 Qb8 28.
d7 Qb7 29. Qd6 Bg7 30. Bb6 1-0

[Event "36. Abierto Ciudad de Sevilla"]
[Site "Sevilla ESP"]
[Date "2011.01.08"]
[Round "2.15"]
[White "Starostits, Ilmars"]
[Black "Carretero Martinez, Francisco"]
[Result "1-0"]
[WhiteElo "2494"]
[BlackElo "2052"]
[PlyCount "77"]
[EventDate "2011.01.07"]
[EventType "swiss"]
[EventRounds "9"]
[EventCountry "ESP"]
[Source "lmi"]
[SourceDate "2011.01.07"]

1. e4 Nf6 2. e5 Nd5 3. d4 d6 4. Nf3 Nb6 5. h3 g6 6. Bd3 Nc6 7. exd6 cxd6 8. O-O
Bg7 9. Bg5 h6 10. Bh4 g5 11. Bg3 g4 12. hxg4 Bxg4 13. c3 Qd7 14. Nbd2 O-O-O 15.
b4 e5 16. b5 Ne7 17. Qb3 Nf5 18. Bh2 exd4 19. a4 Qe6 20. a5 Qxb3 21. Nxb3 Nd5
22. cxd4 Nde7 23. Rfe1 Bf6 24. b6 a6 25. Rac1+ Kb8 26. Rc7 Nd5 27. Rxf7 Bh5 28.
Rxf6 Nxf6 29. Bxf5 Rhg8 30. Kf1 Bxf3 31. gxf3 Rg5 32. Bg4 Rb5 33. Nc5 Rxa5 34.
Re7 Nxg4 35. fxg4 Ra1+ 36. Kg2 Rb1 37. Rxb7+ Ka8 38. Ra7+ Kb8 39. Nxa6+ 1-0

[Event "36. Abierto Ciudad de Sevilla"]
[Site "Sevilla ESP"]
[Date "2011.01.08"]
[Round "2.16"]
[White "Hurtado Rueda, Manuel"]
[Black "Khamrakulov, Ibragim S"]
[Result "0-1"]
[WhiteElo "2076"]
[BlackElo "2494"]
[PlyCount "82"]
[EventDate "2011.01.07"]
[EventType "swiss"]
[EventRounds "9"]
[EventCountry "ESP"]
[Source "lmi"]
[SourceDate "2011.01.07"]

1. Nf3 c5 2. c4 Nf6 3. e3 e6 4. d4 d5 5. Nbd2 Nc6 6. Be2 cxd4 7. exd4 dxc4 8.
Nxc4 Be7 9. O-O O-O 10. b3 b6 11. Bb2 Bb7 12. Nfe5 Nb4 13. a3 Nbd5 14. Rc1 Rc8
15. Bf3 b5 16. Nd2 Rxc1 17. Qxc1 b4 18. a4 Qd6 19. Ndc4 Qa6 20. Be2 Rc8 21. Bd3
Nb6 22. f3 Nxc4 23. Bxc4 Qd6 24. Qf4 Rf8 25. Qd2 Nd5 26. Nd3 Qb6 27. Qf2 a5 28.
Kh1 Rc8 29. Rc1 Rd8 30. Qg3 Nc3 31. Bxc3 bxc3 32. Rxc3 Qxd4 33. Rc1 Bd5 34. Bb5
Bxb3 35. Qe1 Bxa4 36. Bxa4 Qxa4 37. Ne5 Bb4 38. Qf1 h6 39. h3 Bd6 40. Rc4 Qb5
41. Nxf7 Kxf7 0-1

[Event "36. Abierto Ciudad de Sevilla"]
[Site "Sevilla ESP"]
[Date "2011.01.08"]
[Round "2.18"]
[White "Montero Campuzano, Rafael"]
[Black "Campora, Daniel H"]
[Result "0-1"]
[WhiteElo "2069"]
[BlackElo "2488"]
[PlyCount "65"]
[EventDate "2011.01.07"]
[EventType "swiss"]
[EventRounds "9"]
[EventCountry "ESP"]
[Source "lmi"]
[SourceDate "2011.01.07"]

1. c4 e5 2. g3 Nf6 3. Bg2 c6 4. d4 exd4 5. Qxd4 d5 6. cxd5 cxd5 7. Nc3 Nc6 8.
Qa4 Be7 9. Nf3 O-O 10. O-O Bd7 11. Qb3 d4 12. Nd5 Nxd5 13. Qxd5 Be6 14. Qh5 Qd7
15. Ng5 Bf5 16. Bf4 f6 17. Ne4 g5 18. Bd2 Ne5 19. f3 Nc4 20. Bc1 d3 21. exd3
Qxd3 22. Kh1 Ne5 23. Nf2 Qe2 24. Bf4 Nc6 25. Rae1 Qxb2 26. Bc1 Qxa2 27. f4 Bg6
28. Qh3 Bb4 29. Rd1 Rad8 30. Ne4 g4 31. Qh4 Rxd1 32. Rxd1 Qe2 33. Rf1 0-1

[Event "36. Abierto Ciudad de Sevilla"]
[Site "Sevilla ESP"]
[Date "2011.01.08"]
[Round "2.19"]
[White "Saric, Ante"]
[Black "Morais , Vitor"]
[Result "1-0"]
[WhiteElo "2482"]
[BlackElo "2022"]
[PlyCount "81"]
[EventDate "2011.01.07"]
[EventType "swiss"]
[EventRounds "9"]
[EventCountry "ESP"]
[Source "lmi"]
[SourceDate "2011.01.07"]

1. g3 g6 2. Bg2 Bg7 3. c4 c5 4. Nc3 Nc6 5. a3 Nf6 6. e3 e5 7. Nge2 O-O 8. O-O
d6 9. d3 Ne8 10. Rb1 a5 11. Nd5 f5 12. b4 axb4 13. axb4 cxb4 14. Nxb4 Na5 15.
Nd5 Be6 16. Bd2 Rf7 17. Rb5 Nc6 18. Qb3 Ra7 19. Rb1 Nf6 20. Nxf6+ Qxf6 21. Nc3
Bf8 22. Nd5 Qg7 23. Bc3 g5 24. Qd1 Qg6 25. Ra1 Rxa1 26. Qxa1 f4 27. Qb1 f3 28.
Bf1 Nd8 29. Ba5 Nc6 30. Bc3 Nd8 31. Ra5 h5 32. Ra8 Nc6 33. Bb4 Nxb4 34. Qxb4
Bxd5 35. cxd5 h4 36. Qg4 hxg3 37. hxg3 Qh6 38. Qc8 Kg7 39. Bh3 Qf6 40. Be6 Re7
41. Ra7 1-0

[Event "36. Abierto Ciudad de Sevilla"]
[Site "Sevilla ESP"]
[Date "2011.01.08"]
[Round "2.20"]
[White "Guerreiro, Nuno"]
[Black "Das, Arghyadip"]
[Result "0-1"]
[WhiteElo "2064"]
[BlackElo "2479"]
[PlyCount "90"]
[EventDate "2011.01.07"]
[EventType "swiss"]
[EventRounds "9"]
[EventCountry "ESP"]
[Source "lmi"]
[SourceDate "2011.01.07"]

1. e4 c5 2. Nf3 d6 3. Bb5+ Nd7 4. O-O Ngf6 5. Re1 a6 6. Bf1 b6 7. b3 Bb7 8. d3
g6 9. Bb2 Bg7 10. Nbd2 O-O 11. c3 Ne5 12. Nh4 Nc6 13. d4 cxd4 14. cxd4 Rc8 15.
Rc1 d5 16. e5 Ne4 17. f3 Nxd2 18. Qxd2 e6 19. g3 f6 20. f4 fxe5 21. fxe5 Qe7
22. Bd3 a5 23. a3 Rf7 24. Rf1 Rcf8 25. Rxf7 Rxf7 26. Bb1 Qf8 27. Qd3 Bh6 28.
Re1 Nb8 29. Nxg6 hxg6 30. Qxg6+ Kh8 31. Re2 Ba6 32. Rf2 Be3 33. Qh5+ Kg8 34.
Qg6+ Qg7 35. Qxe6 Bxf2+ 36. Kg2 Be3 37. Bg6 Nd7 38. Bxf7+ Qxf7 39. Qxf7+ Kxf7
40. Kf3 Bd2 41. h4 Nf8 42. g4 Ne6 43. Ba1 Bd3 44. Bb2 b5 45. Ba1 b4 0-1